La Unión General de Trabajadores en Castilla y León (1888-1998) : (Record n. 9111)

Dettagli MARC
000 -LEADER
fixed length control field 01047nam a2200265 4500
003 - CONTROL NUMBER IDENTIFIER
control field IT-RoINE
005 - DATE AND TIME OF LATEST TRANSACTION
control field 20171009103007.0
008 - FIXED-LENGTH DATA ELEMENTS--GENERAL INFORMATION
fixed length control field 061205s2004 sp | r o||| ||spa d
020 ## - INTERNATIONAL STANDARD BOOK NUMBER
International Standard Book Number 8478005692
040 ## - CATALOGING SOURCE
Original cataloging agency SpMaBN
Transcribing agency IT-RoINE
Modifying agency IT-RoINE
245 03 - TITLE STATEMENT
Title La Unión General de Trabajadores en Castilla y León (1888-1998) :
Remainder of title historia de un compromiso social /
Statement of responsibility, etc Javier Rodríguez González ... [et al.] ; Manuel Redero San Román (ed.)
260 ## - PUBLICATION, DISTRIBUTION, ETC. (IMPRINT)
Place of publication, distribution, etc Salamanca:
Name of publisher, distributor, etc Ediciones Universidad de Salamanca,
Date of publication, distribution, etc 2004.
300 ## - PHYSICAL DESCRIPTION
Extent 401 p. :
Other physical details il., gráf. ;
Dimensions 24 cm.
336 ## - CONTENT TYPE
Source rdacontent
Content type term text
337 ## - MEDIA TYPE
Source rdamedia
Media type term unmediated
338 ## - CARRIER TYPE
Source rdacarrier
Carrier type term volume
490 1# - SERIES STATEMENT
Series statement Aquilafuente ;
Volume number/sequential designation 77
504 ## - BIBLIOGRAPHY, ETC. NOTE
Bibliography, etc Incluye referencias bibliográficas
651 #4 - SUBJECT ADDED ENTRY--GEOGRAPHIC NAME
9 (RLIN) 15923
Geographic name Castilla y León (España)
General subdivision Condiciones económicas
Chronological subdivision Siglos 19o.-20o.
610 24 - SUBJECT ADDED ENTRY--CORPORATE NAME
9 (RLIN) 18845
Corporate name or jurisdiction name as entry element UGT (España)
700 ## - ADDED ENTRY--PERSONAL NAME
Personal name Redero San Román, Manuel
9 (RLIN) 18160
700 1# - ADDED ENTRY--PERSONAL NAME
Personal name Rodríguez González, Javier
9 (RLIN) 18846
830 #0 - SERIES ADDED ENTRY--UNIFORM TITLE
9 (RLIN) 11519
Uniform title Aquilafuente (Universidad de Salamanca)
942 ## - ADDED ENTRY ELEMENTS (KOHA)
Item type Monografías
Dati di copia
Withdrawn status Lost status Damaged status Not for loan Home library Current library Date acquired Total Checkouts Full call number Barcode Date last seen Price effective from Koha item type
        Iglesia Nacional Española en Roma Iglesia Nacional Española en Roma 04/05/2015   HIS.ESP.4. 933 12918 04/05/2015 04/05/2015 Monografías